000 00277nam a2200097Ia 4500
001 851700
005 20250826174500.0
008 250824s9999 xx 000 0 und d
245 0 _aÇANAKKALEDE ÇOCUKLARDA SAVAŞTI
_cSEVİNÇ KOÇAK,SALİM KOÇAK
260 _bGENÇ HAYAT YAYINLARI
999 _c851700
_d851700